[Event "Elit(Upsala-Vasteras)"]
[Site "?"]
[Date "2008.02.02"]
[Round "7"]
[White "Andersson, Fredrik"]
[Black "Norberg, Johan"]
[Result "0-1"]
[WhiteElo "2316"]
[BlackElo "2379"]
[PlyCount "86"]

1. e4 g6 2. d4 Bg7 3. Nc3 d6 4. f4 Nf6 5. Nf3 c5 6. Bb5+ Bd7 7. e5 Ng4 8. Bxd7+
Qxd7 9. d5 dxe5 10. h3 e4 11. Nxe4 Nf6 12. Nxf6+ Bxf6 13. O-O O-O 14. c4 e6 15.
Ne5 Qd6 16. Ng4 exd5 17. Qxd5 Bd4+ 18. Be3 Qxd5 19. cxd5 h5 20. Bxd4 cxd4 21.
Nf6+ Kg7 22. Ne4 Rd8 23. Rac1 Na6 24. d6 f5 25. Nc5 Rxd6 26. Nxb7 Rb6 27. Nc5
Nxc5 28. Rxc5 Rxb2 29. Rc7+ Kh6 30. Rd1 Rb4 31. Rd7 d3 32. g3 Rb2 33. a3 Rc8
34. R7xd3 Rcc2 35. h4 a5 36. Re3 a4 37. Rde1 Rb3 38. Kh1 Ra2 39. Re8 Raxa3 40.
R1e7 Ra1+ 41. Kg2 Rb2+ 42. Re2 a3 43. Kf2 Raa2 0-1

[Event "Elit(Upsala-Vasteras)"]
[Site "?"]
[Date "2008.02.02"]
[Round "7"]
[White "Eriksson, Anders"]
[Black "Glimbrandt, Torbjorn"]
[Result "1/2-1/2"]
[WhiteElo "2389"]
[BlackElo "2313"]
[PlyCount "38"]

1. Nf3 Nf6 2. g3 g6 3. Bg2 Bg7 4. O-O O-O 5. d3 d5 6. Nbd2 c5 7. e4 Nc6 8. Re1
e6 9. c3 b6 10. e5 Nd7 11. d4 a5 12. Nf1 Ba6 13. Bg5 Qc7 14. Qd2 Rfc8 15. h4 b5
16. h5 b4 17. hxg6 hxg6 18. Ne3 a4 19. a3 bxc3 1/2-1/2

[Event "Elit(Upsala-Vasteras)"]
[Site "?"]
[Date "2008.02.02"]
[Round "7"]
[White "Lundvik, Jonas"]
[Black "Nilsson, Andre"]
[Result "1-0"]
[WhiteElo "2350"]
[BlackElo "2323"]
[PlyCount "73"]

1. d4 g6 2. Nf3 Bg7 3. c4 Nf6 4. Nc3 O-O 5. g3 d6 6. Bg2 Nbd7 7. O-O e5 8. dxe5
dxe5 9. b3 Re8 10. Bb2 c6 11. Ng5 Qc7 12. Nge4 Bf8 13. Qd2 Nxe4 14. Nxe4 f5 15.
Nc3 Nf6 16. Rad1 Be6 17. Na4 Nd7 18. e4 Rad8 19. exf5 Bxf5 20. Qe3 b6 21. Rfe1
Bg7 22. h3 Be6 23. Qe4 b5 24. cxb5 cxb5 25. Nc3 Qb8 26. Qe2 a6 27. Ne4 h6 28.
Nd6 Rf8 29. Qc2 Qb6 30. Rd2 Rf6 31. Ne4 Rff8 32. Rd6 Rc8 33. Qd2 Rfd8 34. Rxb6
Nxb6 35. Qe2 Rd7 36. Rc1 Rcd8 37. Rc6 1-0

[Event "Elit(Upsala-Vasteras)"]
[Site "?"]
[Date "2008.02.02"]
[Round "7"]
[White "Norberg, Erik"]
[Black "Jansson, Borje"]
[Result "1/2-1/2"]
[WhiteElo "2281"]
[BlackElo "2297"]
[PlyCount "88"]

1. c4 e5 2. Nc3 d6 3. g3 Be6 4. d3 c6 5. Bg2 Nf6 6. Nf3 h6 7. O-O Nbd7 8. e4
Be7 9. Nh4 Nh7 10. Nf5 Bxf5 11. exf5 O-O 12. f4 Qb6+ 13. Kh1 Rfe8 14. g4 exf4
15. Rb1 Bg5 16. Bxf4 Qd4 17. Bg3 Nc5 18. Qc2 Nf6 19. h3 Qxd3 20. Qxd3 Nxd3 21.
Bxd6 Rad8 22. c5 Be3 23. b4 Bd4 24. Rb3 Ne1 25. a4 Nxg2 26. Kxg2 Re3 27. Rf3
Rde8 28. Bf4 Rxc3 29. Rbxc3 Bxc3 30. Rxc3 Nd5 31. Rc4 Re2+ 32. Kf3 Rb2 33. Bb8
Rb3+ 34. Kf2 Rxb4 35. Rxb4 Nxb4 36. Bxa7 Kf8 37. Ke3 Ke7 38. Bb8 Nd5+ 39. Kd4
g6 40. fxg6 fxg6 41. Ke5 Ne3 42. Bd6+ Kf7 43. Kd4 Nd5 44. Ke5 Ne3 1/2-1/2

[Event "Elit(Upsala-Vasteras)"]
[Site "?"]
[Date "2008.02.02"]
[Round "7"]
[White "Lindberg, Henrik"]
[Black "Wikstrom, Per"]
[Result "1-0"]
[WhiteElo "2288"]
[BlackElo "2181"]
[PlyCount "123"]

1. e4 e6 2. d4 d5 3. Nc3 Nf6 4. Bg5 Be7 5. e5 Nfd7 6. Bxe7 Qxe7 7. Nf3 a6 8.
Bd3 b6 9. O-O c5 10. Re1 Bb7 11. Nb1 Nc6 12. c3 g5 13. Na3 g4 14. Nd2 h5 15.
Nc2 O-O-O 16. b4 c4 17. Bxc4 dxc4 18. Nxc4 Kb8 19. a4 Qg5 20. Nd6 Ndxe5 21.
dxe5 Nxe5 22. Qc1 Nf3+ 23. gxf3 Qg6 24. Re5 Rxd6 25. Qf4 Rhd8 26. Nd4 Ka8 27.
fxg4 hxg4 28. Rae1 Qh7 29. Rg5 f6 30. Qxf6 Qh3 31. f3 gxf3 32. Rg3 Qh5 33. Nxf3
Bxf3 34. Qxf3+ Qxf3 35. Rxf3 Rg8+ 36. Rg3 Re8 37. Rg6 Rd3 38. Rexe6 Rxe6 39.
Rxe6 Rxc3 40. Rxb6 Ka7 41. a5 Rc8 42. h3 Rg8+ 43. Kh2 Rh8 44. Rg6 Kb7 45. Kg3
Rd8 46. Rb6+ Ka7 47. h4 Rg8+ 48. Kh3 Rh8 49. Rg6 Rh7 50. Kg4 Rb7 51. Rb6 Rg7+
52. Kf5 Rh7 53. Kg5 Rg7+ 54. Kh6 Rg8 55. h5 Rh8+ 56. Kg6 Rg8+ 57. Kh7 Rg4 58.
h6 Rg1 59. Rg6 Rd1 60. Rg7+ Kb8 61. Kg6 Rd6+ 62. Kg5 1-0

[Event "Elit(Upsala-Vasteras)"]
[Site "?"]
[Date "2008.02.02"]
[Round "7"]
[White "Sandberg, Rickard"]
[Black "Burwick, Malte"]
[Result "1/2-1/2"]
[WhiteElo "2110"]
[BlackElo "2285"]
[PlyCount "92"]

1. e4 g6 2. d4 Bg7 3. Nc3 d6 4. g3 Nf6 5. Bg2 O-O 6. Nge2 Nbd7 7. h3 c5 8. Be3
Rb8 9. a4 b6 10. O-O a6 11. Qd2 b5 12. axb5 axb5 13. b3 b4 14. Nd5 Bb7 15. Rad1
Nxd5 16. exd5 c4 17. bxc4 Nb6 18. Qxb4 Ba6 19. Rfe1 Nxc4 20. Qa4 Rb6 21. Qa2
Qc7 22. Rb1 Ra8 23. Rxb6 Nxb6 24. Qb2 h5 25. Nf4 Bc8 26. Be4 Na4 27. Qb3 Nc3
28. Bd3 Rb8 29. Qc4 Qxc4 30. Bxc4 Bf5 31. Bb3 Ra8 32. Kg2 Kf8 33. f3 Bd7 34.
Ne2 Nb5 35. g4 hxg4 36. hxg4 Ra3 37. Rb1 f5 38. g5 Kf7 39. Kf2 f4 40. Bc1 Ra8
41. Bb2 Rh8 42. Rg1 Rh2+ 43. Rg2 Rh1 44. Rg1 Rh2+ 45. Rg2 Rh1 46. Rg1 Rh2+
1/2-1/2

[Event "Elit(Upsala-Vasteras)"]
[Site "?"]
[Date "2008.02.02"]
[Round "7"]
[White "Marttala, Thomas"]
[Black "Kimari, Patrick"]
[Result "0-1"]
[WhiteElo "2272"]
[BlackElo "2129"]
[PlyCount "94"]

1. Nf3 g6 2. e4 Bg7 3. Bc4 c6 4. Nc3 b5 5. Bb3 a5 6. a4 b4 7. Ne2 d5 8. O-O Nf6
9. e5 Ne4 10. d4 f6 11. Nf4 O-O 12. Re1 f5 13. h4 e6 14. Be3 Na6 15. Nd3 Qe7
16. Ng5 c5 17. dxc5 Bb7 18. Nf3 Naxc5 19. Nxc5 Nxc5 20. Bxc5 Qxc5 21. Qd4 Rfc8
22. Qf4 Qe7 23. Rad1 Rc5 24. Nd4 Rac8 25. Re3 Ba6 26. Rg3 Bc4 27. h5 Kf7 28.
hxg6+ hxg6 29. Nf3 Bxb3 30. cxb3 Rc2 31. Nh4 Re2 32. Rxg6 Rcc2 33. f3 Bxe5 34.
Qh6 Qc5+ 35. Kh1 Qf8 36. Qh5 Ke7 37. Qh7+ Kd6 38. Qb7 Qc8 39. Qf7 Qd7 40. Nxf5+
Kc7 41. Qxd7+ Kxd7 42. Ng7 Rcd2 43. Rf1 Rd4 44. Rg4 Rxg4 45. fxg4 d4 46. Rf7+
Kc6 47. Kg1 d3 0-1

[Event "Elit(Vasteras-Rockaden)"]
[Site "?"]
[Date "2008.02.23"]
[Round "8"]
[White "Hermansson, Emil"]
[Black "Norberg, Johan"]
[Result "1-0"]
[WhiteElo "2533"]
[BlackElo "2379"]
[PlyCount "73"]
[SourceDate "2008.03.03"]

1. e4 g6 2. d4 Bg7 3. Nf3 d6 4. Bd3 Nf6 5. O-O O-O 6. Re1 Bg4 7. Nbd2 e5 8. h3
Bxf3 9. Nxf3 Nbd7 10. c3 c6 11. Bg5 h6 12. Be3 d5 13. dxe5 Nxe4 14. Bf4 Nec5
15. Bc2 Ne6 16. Bg3 Re8 17. Qd2 Qb6 18. Rad1 Qxb2 19. Rb1 Qxa2 20. Rxb7 Nb6 21.
Bxg6 Qxd2 22. Bxf7+ Kf8 23. Nxd2 Re7 24. Rxe7 Kxe7 25. Bh5 a5 26. f4 Rf8 27.
Rf1 d4 28. c4 Bxe5 29. fxe5 Rxf1+ 30. Kxf1 a4 31. Bh4+ Kd7 32. Bd1 a3 33. Bb3
Nc5 34. Bf2 Nxb3 35. Nxb3 Nxc4 36. Nc5+ Ke7 37. Bxd4 1-0

[Event "Elit(Vasteras-Rockaden)"]
[Site "?"]
[Date "2008.02.23"]
[Round "8"]
[White "Eriksson, Johan"]
[Black "Barkhagen, Jonas"]
[Result "0-1"]
[WhiteElo "2445"]
[BlackElo "2549"]
[PlyCount "58"]

1. d4 Nf6 2. Nf3 e6 3. g3 b5 4. Bg2 Bb7 5. O-O c5 6. Na3 b4 7. Nc4 cxd4 8. Qxd4
d5 9. Nce5 Be7 10. a3 bxa3 11. bxa3 O-O 12. Rb1 Qc8 13. c4 Na6 14. cxd5 Bxd5
15. Bg5 Bc5 16. Qh4 Ne4 17. Be7 Bxe7 18. Qxe7 f6 19. Rfc1 Nc3 20. e4 Bxe4 21.
Nd4 fxe5 22. Bxe4 Rf7 23. Qh4 g6 24. Bxa8 exd4 25. Qg4 Qxa8 26. Qxe6 Nc5 27.
Qe5 Nd7 28. Qd6 Ne2+ 29. Kf1 Nxc1 0-1

[Event "Elit(Vasteras-Rockaden)"]
[Site "?"]
[Date "2008.02.23"]
[Round "8"]
[White "Olsson, Anders"]
[Black "Eriksson, Anders"]
[Result "1-0"]
[WhiteElo "2484"]
[BlackElo "2389"]
[PlyCount "94"]

1. e4 c6 2. d4 d5 3. e5 Bf5 4. Nf3 e6 5. Be2 c5 6. Be3 Nd7 7. O-O Bg4 8. Nbd2
cxd4 9. Bxd4 Bb4 10. c3 Ba5 11. Qa4 Ne7 12. Bc5 Bxf3 13. Nxf3 Bc7 14. Bd3 Nc6
15. Bd4 O-O 16. Rfe1 a6 17. Re3 Nxd4 18. cxd4 Rc8 19. h4 h6 20. Rd1 Bb6 21. Qb3
Qc7 22. Bb1 Qc4 23. Qa3 Rfe8 24. Rc3 Qe2 25. Rcd3 Qe4 26. Re3 Qf4 27. Qd3 Nf8
28. g3 Qg4 29. Qd2 Rc6 30. Kg2 Rec8 31. Rb3 R8c7 32. h5 g5 33. hxg6 fxg6 34.
Rh1 g5 35. Rxh6 Ba7 36. Rh1 Rc4 37. Rd3 Rg7 38. b3 Rc6 39. Nh2 Qe4+ 40. f3 Qg6
41. Ng4 Kf7 42. Rh6 Qf5 43. Rf6+ Qxf6 44. exf6 Rh7 45. Ne5+ Kxf6 46. Nxc6 bxc6
47. Rc3 Rc7 1-0

[Event "Elit(Vasteras-Rockaden)"]
[Site "?"]
[Date "2008.02.23"]
[Round "8"]
[White "Norberg, Erik"]
[Black "Hedman, Erik"]
[Result "1-0"]
[WhiteElo "2281"]
[BlackElo "2435"]
[PlyCount "51"]

1. c4 c5 2. Nc3 Nc6 3. g3 g6 4. Bg2 Bg7 5. d3 d6 6. Nf3 e5 7. O-O Nge7 8. Rb1
O-O 9. a3 a5 10. Ne1 Be6 11. Nd5 Rb8 12. Nc2 b5 13. Nce3 Qd7 14. Bd2 f5 15.
Nxe7+ Nxe7 16. Bxa5 bxc4 17. dxc4 e4 18. b4 Nc6 19. Nd5 Nxa5 20. bxa5 Rxb1 21.
Qxb1 Qa4 22. Qb6 Qxc4 23. Nc7 Be5 24. a6 Bd5 25. a7 Ba8 26. Nxa8 1-0

[Event "Elit(Vasteras-Rockaden)"]
[Site "?"]
[Date "2008.02.23"]
[Round "8"]
[White "Bator, Robert"]
[Black "Kretz, Johan"]
[Result "1-0"]
[WhiteElo "2413"]
[BlackElo "2222"]
[PlyCount "101"]

1. d4 Nf6 2. Nf3 e6 3. c4 Bb4+ 4. Bd2 Qe7 5. g3 Nc6 6. Nc3 O-O 7. Bg2 d5 8.
cxd5 exd5 9. O-O Bg4 10. a3 Bxc3 11. Bxc3 Rfe8 12. Re1 Bxf3 13. Bxf3 a5 14. Rc1
Ra6 15. e3 Qd7 16. Bg2 b5 17. Qd3 Rb6 18. Bd2 a4 19. Rc2 Na7 20. Bb4 c6 21. e4
dxe4 22. Bxe4 Rbb8 23. Rce2 Nxe4 24. Rxe4 Re6 25. Rxe6 fxe6 26. Bc5 Re8 27. b3
axb3 28. Qxb3 Nc8 29. a4 bxa4 30. Qxa4 Nd6 31. Bxd6 Qxd6 32. Re5 g6 33. Qc4 Kf7
34. Rc5 Rc8 35. h4 Rc7 36. h5 Kg7 37. Qc3 Kf7 38. Rg5 Qe7 39. Rg4 g5 40. Qd3
Qf6 41. Qxh7+ Qg7 42. Qxg7+ Kxg7 43. Rxg5+ Kf6 44. Rc5 Rd7 45. Rxc6 Rxd4 46.
Kg2 Rd5 47. g4 Kg5 48. Kg3 Rd3+ 49. f3 Re3 50. Rc5+ Kf6 51. g5+ 1-0

[Event "Elit(Vasteras-Rockaden)"]
[Site "?"]
[Date "2008.02.23"]
[Round "8"]
[White "Nilsson, Andre"]
[Black "Engqvist, Thomas"]
[Result "1-0"]
[WhiteElo "2323"]
[BlackElo "2427"]
[PlyCount "77"]

1. g3 d5 2. Bg2 c6 3. Nf3 Nf6 4. O-O Bg4 5. d3 Nbd7 6. c4 e6 7. Nc3 Bxf3 8.
exf3 Be7 9. b3 O-O 10. Qc2 Ne8 11. Bb2 Nd6 12. f4 a5 13. Ne2 a4 14. c5 Nf5 15.
b4 a3 16. Bc3 Bf6 17. d4 Nb8 18. Rab1 Na6 19. b5 Nc7 20. b6 Nb5 21. Rb4 Nxc3
22. Qxc3 Ra5 23. Rfb1 Qa8 24. Bh3 Ra4 25. Qc2 Rxb4 26. Rxb4 Qa5 27. Qb3 Ra8 28.
Bxf5 exf5 29. Nc3 Ra6 30. Kg2 g6 31. Nxd5 cxd5 32. c6 Rxb6 33. Rxb6 bxc6 34.
Qb4 Qxb4 35. Rxb4 Kf8 36. Kf3 Ke7 37. Rb7+ Ke6 38. Ke3 h5 39. Rc7 1-0

[Event "Elit(Vasteras-Rockaden)"]
[Site "?"]
[Date "2008.02.23"]
[Round "8"]
[White "Vilchez, Victor"]
[Black "Janse, Rasmus"]
[Result "1/2-1/2"]
[WhiteElo "2363"]
[BlackElo "2214"]
[PlyCount "90"]

1. e4 e6 2. d3 d5 3. Nd2 c5 4. Ngf3 Nc6 5. g3 Bd6 6. Bg2 Nge7 7. Qe2 Qc7 8. c3
O-O 9. O-O Bd7 10. Re1 f6 11. Bh3 d4 12. Nc4 e5 13. Bxd7 Qxd7 14. cxd4 cxd4 15.
a4 Rfb8 16. Bd2 b5 17. axb5 Rxb5 18. Rec1 Rb3 19. Kg2 Rab8 20. Ne1 Bc7 21. Ra6
f5 22. f3 f4 23. g4 h5 24. h3 Qc8 25. Rca1 h4 26. Qd1 Qb7 27. Qc2 Qb5 28. R1a2
Qc5 29. Kf1 Nc8 30. Ke2 N8e7 31. Kd1 Qb5 32. Ng2 g5 33. Ne1 Kg7 34. R2a4 Qc5
35. Bc1 Kf8 36. Bd2 Ke8 37. Ra3 Qb5 38. R3a4 Qc5 39. Ke2 Kf8 40. Qd1 Ke8 41.
Nc2 Nc8 42. N2a3 R3b7 43. Qc2 N8e7 44. Kd1 Kd7 45. Ke2 Ke8 1/2-1/2

[Event "Elit(Vasteras-Rockaden)"]
[Site "?"]
[Date "2008.02.23"]
[Round "8"]
[White "Wickstrom, Per"]
[Black "Blomqvist, Erik"]
[Result "1-0"]
[WhiteElo "2181"]
[BlackElo "2379"]
[PlyCount "89"]

1. d4 d5 2. Nf3 Nf6 3. Bf4 e6 4. e3 Bd6 5. Bg3 Nc6 6. Nbd2 O-O 7. a3 h6 8. c4
Bxg3 9. hxg3 Re8 10. Be2 e5 11. dxe5 Nxe5 12. Nxe5 Rxe5 13. Nf3 Re7 14. Qc2
dxc4 15. Bxc4 Be6 16. Rd1 Qc8 17. Rh4 Bf5 18. Bd3 Bg4 19. Bc4 c5 20. Rc1 b6 21.
Kf1 Kf8 22. Nh2 Bf5 23. Bd3 Bxd3+ 24. Qxd3 Qe8 25. Nf3 Rd8 26. Qc4 Ne4 27. Kg1
Re6 28. b4 Kg8 29. bxc5 bxc5 30. Qc2 g5 31. Rxe4 Rxe4 32. Qxc5 Qe7 33. Qa5 Rb8
34. Nd4 Rxe3 35. Nc6 Qe8 36. Nxb8 Re5 37. Qxa7 Kg7 38. Nc6 Re6 39. Qd4+ Kh7 40.
Qd5 Qc8 41. a4 Qa6 42. Qb5 Qc8 43. a5 Rd6 44. a6 Rd7 45. a7 1-0

[Event "Elit(Limhamn-Astorp)"]
[Site "?"]
[Date "2008.02.23"]
[Round "8"]
[White "Tairi, Faruk"]
[Black "Brynell, Stellan"]
[Result "0-1"]
[WhiteElo "2461"]
[BlackElo "2602"]
[PlyCount "96"]

1. e4 e6 2. d4 d5 3. Nd2 c5 4. Ngf3 Nc6 5. Bb5 a6 6. Bxc6+ bxc6 7. O-O Nf6 8.
Re1 Qb6 9. c4 Be7 10. exd5 cxd5 11. cxd5 Nxd5 12. Nc4 Qb5 13. b3 O-O 14. Nfe5
cxd4 15. Qxd4 Bb7 16. Bd2 Nb4 17. a4 Qd5 18. Qxd5 Bxd5 19. Nb6 Nc2 20. Nxa8
Rxa8 21. Rab1 Nxe1 22. Bxe1 f6 23. Nd7 Rd8 24. Nb6 Be4 25. Rc1 Ba3 26. Rc4 Bg6
27. f3 h5 28. Kf2 e5 29. Rc6 Be8 30. Rc2 Rd3 31. b4 Rb3 32. b5 axb5 33. a5 Bb2
34. Rc8 Kf7 35. Rc7+ Kg6 36. Ke2 b4 37. Nd5 Bd4 38. Nxb4 Bb5+ 39. Kd1 Rb1+ 40.
Rc1 Ba4+ 41. Nc2 Rb2 42. Kd2 f5 43. Kd1 Kf6 44. Bd2 Ke6 45. g3 Kd5 46. a6 Kc4
47. Ra1 Bxc2+ 48. Kc1 Bb3 0-1

[Event "Elit(Limhamn-Astorp)"]
[Site "?"]
[Date "2008.02.23"]
[Round "8"]
[White "Hector, Jonny"]
[Black "Johansson, Mikael"]
[Result "0-1"]
[WhiteElo "2620"]
[BlackElo "2369"]
[PlyCount "90"]

1. e4 d5 2. exd5 Qxd5 3. Nc3 Qd6 4. Ne4 Qd5 5. d3 Nc6 6. f4 Nf6 7. Nxf6+ exf6
8. Be3 Bb4+ 9. c3 O-O 10. Qf3 Qd6 11. Be2 Re8 12. Kf1 Bg4 13. Qxg4 Rxe3 14. Nf3
Rae8 15. Re1 Qe7 16. Nh4 h5 17. Qxh5 g6 18. Qg4 Kf8 19. f5 g5 20. g3 Nd4 21.
cxb4 Nxe2 22. Ng2 Re5 23. h4 Qd7 24. Rxe2 Qxd3 25. hxg5 Qd1+ 26. Ne1 Qxe2+ 27.
Qxe2 Rxe2 28. Nf3 Kg7 29. gxf6+ Kxf6 30. g4 Rxb2 31. Rh6+ Kg7 32. g5 Ree2 33.
f6+ Kg8 34. g6 Rf2+ 35. Ke1 fxg6 36. Rxg6+ Kf7 37. Ne5+ Ke6 38. Nd3 Rbe2+ 39.
Kd1 Rd2+ 40. Ke1 Rh2 41. f7+ Kxf7 42. Ne5+ Ke7 43. Nf3 Rhe2+ 44. Kf1 Rxa2 45.
Ne1 Re6 0-1

[Event "Elit(Limhamn-Astorp)"]
[Site "?"]
[Date "2008.02.23"]
[Round "8"]
[White "Sjodahl, Pontus"]
[Black "Jepson, Christian"]
[Result "1-0"]
[WhiteElo "2487"]
[BlackElo "2438"]
[PlyCount "69"]

1. d4 Nf6 2. c4 c5 3. d5 b5 4. cxb5 a6 5. e3 g6 6. Nc3 Bg7 7. a4 O-O 8. Bc4 Bb7
9. Nge2 e6 10. Rb1 axb5 11. axb5 exd5 12. Nxd5 d6 13. O-O Nbd7 14. b3 Nb6 15.
Nxb6 Qxb6 16. b4 Be4 17. bxc5 dxc5 18. Rb2 Ng4 19. Ng3 Ne5 20. Nxe4 Nxc4 21.
Rc2 Ne5 22. Rxc5 Ra1 23. Qb3 Qb8 24. h3 Re8 25. Rd5 Rc8 26. Bb2 Rxf1+ 27. Kxf1
h6 28. Bxe5 Bxe5 29. Rd7 Rf8 30. Qd5 Bc7 31. g3 Qa7 32. Nf6+ Kg7 33. Ne8+ Kh7
34. Nxc7 Qa1+ 35. Kg2 1-0

[Event "Elit(Limhamn-Astorp)"]
[Site "?"]
[Date "2008.02.23"]
[Round "8"]
[White "Schneider, Stefan"]
[Black "Ivarsson, Stefan"]
[Result "1-0"]
[WhiteElo "2453"]
[BlackElo "2311"]
[PlyCount "65"]

1. d4 f5 2. g3 Nf6 3. Bg2 g6 4. Nh3 Bg7 5. Nf4 O-O 6. h4 Qe8 7. h5 g5 8. h6 Bh8
9. Nd3 g4 10. Nc3 d6 11. d5 c6 12. Bg5 Na6 13. Nf4 Nc7 14. Qd3 Bd7 15. O-O-O
Qf7 16. Kb1 Rac8 17. Qd2 c5 18. e4 b5 19. exf5 Bxf5 20. Rhe1 b4 21. Ne4 Nxe4
22. Bxe4 Bxe4 23. Rxe4 Qf5 24. Qe2 Qxg5 25. Ne6 Nxe6 26. Rxg4 Bf6 27. Qxe6+ Kh8
28. Rxg5 Bxg5 29. f4 Bf6 30. g4 Rc7 31. g5 Bd4 32. f5 Be5 33. g6 1-0

[Event "Elit(Limhamn-Astorp)"]
[Site "?"]
[Date "2008.02.23"]
[Round "8"]
[White "Hoi, Carsten"]
[Black "Ahlander, Bjorn"]
[Result "1/2-1/2"]
[WhiteElo "2404"]
[BlackElo "2534"]
[PlyCount "47"]

1. d4 Nf6 2. c4 e6 3. Nc3 d5 4. Bg5 Be7 5. e3 O-O 6. Nf3 h6 7. Bxf6 Bxf6 8.
cxd5 exd5 9. Rc1 c6 10. Bd3 Nd7 11. O-O a5 12. Re1 Be7 13. Bb1 Re8 14. Qd3 Nf8
15. Ne5 Bd6 16. f4 f6 17. Ng6 Be6 18. Nxf8 Kxf8 19. Na4 Bf7 20. a3 Re7 21. Nc5
Qb6 22. Na4 Qd8 23. Nc5 Qb6 24. Na4 1/2-1/2

[Event "Elit(Limhamn-Astorp)"]
[Site "?"]
[Date "2008.02.23"]
[Round "8"]
[White "Penalver, Osmani"]
[Black "Helmertz, Per-Inge"]
[Result "0-1"]
[WhiteElo "2280"]
[BlackElo "2290"]
[PlyCount "80"]

1. d4 Nf6 2. c4 c5 3. d5 e6 4. Nc3 exd5 5. cxd5 d6 6. Bg5 Be7 7. Nf3 a6 8. a4
Bg4 9. Qb3 Bxf3 10. gxf3 Nbd7 11. Rg1 O-O 12. Bh3 Re8 13. Kf1 Ne5 14. Bf4 Bf8
15. Bg5 Be7 16. Rd1 Nh5 17. Bc1 Rb8 18. f4 Ng6 19. f5 Ne5 20. f4 Nd7 21. e4 b5
22. axb5 axb5 23. Ne2 Bf8 24. Qf3 Nhf6 25. Ng3 Ra8 26. Rg2 Ra1 27. Re2 c4 28.
Rde1 Nc5 29. Bd2 Rxe1+ 30. Bxe1 Nd3 31. Bc3 Nd7 32. Nh5 f6 33. Qg4 Kh8 34. Rg2
Qe7 35. Re2 Rc8 36. Qh4 b4 37. Bd4 c3 38. bxc3 bxc3 39. Rc2 Qxe4 40. Rxc3 Rb8
0-1

[Event "Elit(Limhamn-Astorp)"]
[Site "?"]
[Date "2008.02.23"]
[Round "8"]
[White "Petersson, Gosta"]
[Black "Tadjerbashi, Amir"]
[Result "1/2-1/2"]
[WhiteElo "2242"]
[BlackElo "2259"]
[PlyCount "84"]

1. Nf3 Nf6 2. d4 d5 3. Bf4 g6 4. e3 Bg7 5. h3 O-O 6. Nbd2 c5 7. c3 Qb6 8. Qb3
Qa5 9. Be2 Nbd7 10. O-O Nb6 11. a3 Ne4 12. Rfd1 Bd7 13. Rdc1 Nxd2 14. Nxd2 Rac8
15. Qd1 c4 16. e4 dxe4 17. Nxe4 Na4 18. Qd2 Bc6 19. Bf3 Rfd8 20. Qc2 h6 21. Re1
Rd7 22. Nd2 Qb5 23. Bxc6 Rxc6 24. Rab1 Nb6 25. Nf3 Rc8 26. Re2 Nd5 27. Bd2 Qb6
28. Rbe1 Qf6 29. Ne5 Rdd8 30. Ng4 Qh4 31. Re4 Qh5 32. Ne3 Nxe3 33. R4xe3 e6 34.
R3e2 Qb5 35. Bf4 Qf5 36. Qa4 a6 37. Be5 Qg5 38. f4 Qe7 39. Bxg7 Kxg7 40. Qb4
Qxb4 41. axb4 Rd5 42. Kf2 Kf6 1/2-1/2

[Event "Elit(Limhamn-Astorp)"]
[Site "?"]
[Date "2008.02.23"]
[Round "8"]
[White "Eklund, Joel"]
[Black "Tallinger, Thomas"]
[Result "1-0"]
[WhiteElo "2249"]
[BlackElo "2203"]
[PlyCount "97"]

1. d4 e6 2. Nf3 Nf6 3. e3 b6 4. Bd3 Bb7 5. Nbd2 Be7 6. O-O d6 7. b3 c5 8. Bb2
Nc6 9. a3 O-O 10. Qe2 cxd4 11. exd4 Rc8 12. c4 Re8 13. Rac1 d5 14. Rfe1 Nd7 15.
Rcd1 Na5 16. Ne5 Nxe5 17. dxe5 Bg5 18. cxd5 Bxd2 19. dxe6 fxe6 20. Rxd2 Qg5 21.
f4 Qxf4 22. Rf1 Qg5 23. b4 Nb3 24. Rc2 Rxc2 25. Bxc2 Nd2 26. Bc1 Rd8 27. Rf2
Nf3+ 28. Rxf3 Qxc1+ 29. Rf1 Qg5 30. Be4 Rd2 31. Qf3 Rxg2+ 32. Qxg2 Qe3+ 33. Qf2
Qxf2+ 34. Rxf2 Bxe4 35. Rd2 Bd5 36. Rc2 a6 37. Rc7 h6 38. Ra7 Bc4 39. Rb7 b5
40. Rb6 Kf7 41. Rxa6 Kg6 42. Rc6 Kf5 43. a4 Kxe5 44. a5 Bd5 45. Rc5 Kd6 46. a6
Bc6 47. a7 Bb7 48. Rc8 Kd5 49. Rb8 1-0

[Event "Elit(Skara-Manhem)"]
[Site "?"]
[Date "2008.02.23"]
[Round "8"]
[White "Nithander, Victor"]
[Black "Hillarp Persson, Tiger"]
[Result "0-1"]
[WhiteElo "2404"]
[BlackElo "2630"]
[PlyCount "58"]
[EventDate "2008.??.??"]

1. e4 c5 2. Nf3 e6 3. Nc3 a6 4. d4 cxd4 5. Nxd4 b5 6. Bd3 Qb6 7. Nf3 Qc7 8. O-O
Bb7 9. Re1 Be7 10. e5 f5 11. Bf4 Nh6 12. a4 b4 13. Nb1 Nf7 14. h4 O-O 15. Nbd2
Nc6 16. Nc4 Na5 17. Nxa5 Qxa5 18. h5 Rac8 19. Qe2 g5 20. hxg6 hxg6 21. Qe3 Bc5
22. Qe2 Kg7 23. Ng5 Rh8 24. Nh3 Qb6 25. Be3 Qc6 26. f3 Rxh3 27. gxh3 Nxe5 28.
Rf1 Nxf3+ 29. Kf2 f4 0-1

[Event "Elit(Skara-Manhem)"]
[Site "?"]
[Date "2008.02.23"]
[Round "8"]
[White "Cicak, Slavko"]
[Black "Akesson, Joel"]
[Result "1-0"]
[WhiteElo "2581"]
[BlackElo "2351"]
[PlyCount "83"]

1. c4 c6 2. e4 e5 3. d4 d6 4. Nc3 Be7 5. Nf3 Bg4 6. dxe5 Bxf3 7. gxf3 dxe5 8.
Qxd8+ Bxd8 9. Rg1 Ne7 10. f4 exf4 11. Bxf4 Ng6 12. Bg3 Na6 13. O-O-O O-O 14.
Bd6 Re8 15. c5 Bf6 16. f3 Rad8 17. Bxa6 bxa6 18. Ne2 Ne5 19. f4 Nf3 20. Rgf1
Rxe4 21. Rxf3 Rxe2 22. Rd2 Rxd2 23. Kxd2 Be7 24. Rd3 Kf8 25. Kc3 Bxd6 26. cxd6
Ke8 27. Re3+ Kd7 28. Re7+ Kxd6 29. Rxa7 Rd7 30. Rxa6 Kd5 31. b4 f5 32. Kd3 c5
33. b5 c4+ 34. Kc2 Re7 35. a4 Kc5 36. b6 Re2+ 37. Kc1 c3 38. a5 Kc4 39. b7 Re1+
40. Kc2 Re2+ 41. Kd1 Rd2+ 42. Kc1 1-0

[Event "Elit(Skara-Manhem)"]
[Site "?"]
[Date "2008.02.23"]
[Round "8"]
[White "Schneider, Lars-Ake"]
[Black "Friberg, Hans"]
[Result "1/2-1/2"]
[WhiteElo "2336"]
[BlackElo "2285"]
[PlyCount "41"]

1. Nf3 d5 2. g3 g6 3. Bg2 Bg7 4. O-O e6 5. d4 Ne7 6. c4 O-O 7. Qc2 b6 8. Rd1
Bb7 9. cxd5 exd5 10. Bf4 Na6 11. Nc3 c6 12. Rac1 Nc7 13. e4 Ne6 14. Be3 dxe4
15. Qxe4 Nd5 16. Ne5 Nxe3 17. Qxe3 Rc8 18. Ne2 Bxe5 19. dxe5 Qe7 20. Nc3 Rcd8
21. Ne4 1/2-1/2

[Event "Elit(Skara-Manhem)"]
[Site "?"]
[Date "2008.02.23"]
[Round "8"]
[White "Mohammadi, Amir"]
[Black "Sagit, Rauan"]
[Result "0-1"]
[WhiteElo "2301"]
[BlackElo "2344"]
[PlyCount "132"]

1. e4 c5 2. Nc3 d6 3. g3 Nc6 4. Bg2 h5 5. d3 Bg4 6. f3 Bd7 7. Be3 g6 8. Nge2
Bg7 9. Qd2 Rc8 10. f4 h4 11. h3 hxg3 12. Nxg3 Nd4 13. Nd1 Ba4 14. Rc1 Bd7 15.
c3 Ne6 16. Nf2 Qa5 17. O-O Nf6 18. a3 Nh5 19. Nfh1 Nd8 20. Nxh5 Rxh5 21. Ng3
Rh8 22. f5 gxf5 23. Nxf5 Bf8 24. Rce1 Rg8 25. Bh6 Bxf5 26. exf5 Kd7 27. Qe3 Nc6
28. Bf4 Qb6 29. Rf2 Bg7 30. Kh2 Bf6 31. Rfe2 Ne5 32. Qe4 Qc6 33. Qxc6+ bxc6 34.
Bxe5 Bxe5+ 35. Kh1 Rg3 36. Re3 Rcg8 37. R1e2 R3g5 38. Rf3 Bf6 39. Kg1 d5 40.
Kf1 Kd6 41. Ref2 Rh5 42. Rf4 Rgg5 43. Ra4 Rg3 44. Ke2 Bg5 45. Bf3 Rhxh3 46.
Rxa7 Rg1 47. Rg2 Rxg2+ 48. Bxg2 Re3+ 49. Kf2 Rxd3 50. Rb7 Bc1 51. f6 exf6 52.
Rxf7 Rd2+ 53. Kf1 Bxb2 54. Rxf6+ Kc7 55. Rf7+ Kb6 56. c4 dxc4 57. Rf2 Rd1+ 58.
Ke2 Ra1 59. Rf8 Ra2 60. Rg8 Bd4+ 61. Kd1 c3 62. Be4 Rd2+ 63. Kc1 Re2 64. Rg4
Be3+ 65. Kb1 Rb2+ 66. Ka1 Bd4 0-1

[Event "Elit(Skara-Manhem)"]
[Site "?"]
[Date "2008.02.23"]
[Round "8"]
[White "Moberg, Karl-Johan"]
[Black "Eklund, Lars-Goran"]
[Result "0-1"]
[WhiteElo "2305"]
[BlackElo "2355"]
[PlyCount "48"]

1. d4 d5 2. c4 c6 3. Nf3 Nf6 4. e3 Bf5 5. cxd5 cxd5 6. Qb3 Qc7 7. Bd2 a6 8. Nc3
e6 9. Rc1 Nc6 10. Ne5 Bd6 11. f4 g5 12. Bb5 gxf4 13. exf4 O-O 14. Bxc6 bxc6 15.
Na4 Ne4 16. Bb4 Bxb4+ 17. Qxb4 Rab8 18. Qa3 Qa5+ 19. Nc3 Qxa3 20. bxa3 Nxc3 21.
Nd7 Rb2 22. Nxf8 Kxf8 23. Rg1 Ne2 24. g4 Be4 0-1

[Event "Elit(Skara-Manhem)"]
[Site "?"]
[Date "2008.02.23"]
[Round "8"]
[White "Svensson, Sven"]
[Black "Andersson, Bjorn"]
[Result "1/2-1/2"]
[WhiteElo "2279"]
[BlackElo "2334"]
[PlyCount "59"]

1. d4 Nf6 2. c4 g6 3. Nc3 Bg7 4. Nf3 O-O 5. Bg5 d6 6. e3 Nbd7 7. Be2 c6 8. Qc2
e5 9. dxe5 dxe5 10. O-O Qe7 11. Nd2 Nc5 12. Nce4 Bf5 13. Bxf6 Bxf6 14. Nxf6+
Qxf6 15. Qc3 Rad8 16. Nf3 Rfe8 17. Rad1 Qe7 18. b4 Ne4 19. Qb2 c5 20. a3 f6 21.
Rxd8 Rxd8 22. Rd1 Rxd1+ 23. Bxd1 Qd7 24. Bc2 Nd2 25. Bxf5 Nxf3+ 26. gxf3 Qxf5
27. Kg2 e4 28. f4 Qg4+ 29. Kf1 Qd1+ 30. Kg2 1/2-1/2